| Tag |
First Indicator |
Second Indicator |
Subfields |
| LEADER |
00000cam a2200000 a 4500 |
| 001 |
in00000035261 |
| 005 |
20151007055339.0 |
| 008 |
850722s1985 su a 00110 eng d |
| 035 |
|
|
|a (OCoLC)12290902
|
| 035 |
|
|
|9 AAB7968AM
|
| 040 |
|
|
|a CUS
|c CUS
|d AGL
|d OCL
|d m/c
|d TXA
|d UtOrBLW
|
| 041 |
0 |
|
|a eng
|b ara
|
| 049 |
|
|
|a TXAM
|c [A11650700]
|
| 050 |
|
4 |
|a QK495.G74
|b C66 1985
|
| 100 |
1 |
|
|a Cope, Thomas A.
|
| 245 |
1 |
2 |
|a A key to the grasses of the Arabian Peninsula :
|b studies in the flora of Arabia XV /
|c Thomas A. Cope.
|
| 264 |
|
1 |
|a Rivadh :
|b Arab Bureau of Education for the Gulf States,
|c 1985.
|
| 300 |
|
|
|a 82 pages :
|b illustrations ;
|c 24 cm.
|
| 336 |
|
|
|a text
|b txt
|2 rdacontent
|
| 337 |
|
|
|a unmediated
|b n
|2 rdamedia
|
| 338 |
|
|
|a volume
|b nc
|2 rdacarrier
|
| 490 |
1 |
|
|a Arab Gulf journal of scientific research. Special publication ;
|v no. 1
|
| 500 |
|
|
|a Includes index.
|
| 650 |
|
0 |
|a Grasses
|z Arabian Peninsula.
|
| 710 |
2 |
|
|a Arab Bureau of Education for the Gulf States.
|
| 830 |
|
0 |
|a Arab Gulf journal of scientific research.
|p Special publication ;
|v no. 1.
|
| 999 |
|
|
|a MARS
|
| 999 |
f |
f |
|s 7f76c5a6-cb3e-37d7-8f03-2c9373ac77ce
|i 8257db34-36a6-3bc0-8ee0-cc48fb29d2c5
|t 0
|
| 952 |
f |
f |
|p ric
|a Texas A&M University
|b Rellis Campus
|c Joint Library Facility
|d Remote Storage
|t 0
|e QK495.G74 C66 1985
|h Library of Congress classification
|i unmediated -- volume
|m A14811650700
|
| 998 |
f |
f |
|a QK495.G74 C66 1985
|t 0
|l Remote Storage
|